000 00405nam a2200133Ia 4500
008 231129s9999||||xx |||||||||||||| ||spa||
020 _a978-958-716-335-3
040 _bspa
082 _a305.698 B957r
100 _aBurgos Cantor Roberto
245 0 _aRutas de libertad 500 años de travesí­a
264 _aBogotá Colombia: Ministerio de Cultura
942 _2ddc
_cBKS
999 _c24218
_d24218